Records par pays - Statistiques

Statistiques générales
  • Ce quiz a été pris 164 fois
  • Le résultat moyen est 5 sur 15
Statistiques - réponses
Record Pays % Correct
Plus grande superficie Russie
100%
Plus petit nombre d'habitants Vatican
88%
Plus grand nombre de fuseaux horaires France
50%
Plus grande espérance de vie Japon
46%
Plus grand nombre de sites classés (UNESCO) Italie
38%
Plus grande taille des habitants en moyenne Pays-Bas
35%
Plus grand PIB par habitant Qatar
32%
Plus haut taux de fécondité Niger
28%
Plus haute importation USA
28%
Plus pauvre en moyenne Somalie
24%
Plus haut taux d'obésité Tonga
12%
Plus grande densité de population Bangladesh
11%
Plus ancien pays en activité Saint Marin
8%
Plus grand pourcentage de territoire forestier Suriname
6%
Plus haute altitude moyenne Tadjikistan
6%
Aucun quiz correspondant
Distribution des résultats
% des personnes avec chaque résultat
Percentile par nombre de réponses
Votre historique - résultats
Vous n’avez pas pris ce quiz